000 00595nam a22001817a 4500
005 20250401115323.0
008 250401b |||||||| |||| 00| 0 eng d
020 _a9781837970896
041 _aeng
082 _a658.408 GRI
100 _aGrigorescu, Adriana
245 _aEntrepreneurship and Development for a Green Resilient Economy
260 _aUK
_bEmerald Publishing
_c2024
300 _a318;. pages: 23 cm
650 _a Sustainability Management; Consumer Behavior; Corporate Social Responsibility; Innovation Technology Management
700 _aAndrei, Vasile Jean
942 _cBK
999 _c43492
_d43492